La donna intera (Record n. 212582)

Dettagli MARC
000 -LEADER
campo di controllo lung. fissa 01550nam a2200229Ia 4500
001 - Numero di controllo
campo di controllo b4654-30375
003 - Identificatore del numero di controllo
campo di controllo IT-MiCISF
005 - Data e orario dell'ultima transazione
campo di controllo 20230306112841.0
008 - Elementi di lunghezza fissa--Informazione generale
campo di controllo lung. fissa 161014s9999||||xx |||||||||||||| ||und||
040 ## - Fonte della catalogazione
Agenzia catalografica originale IT-MiCISF
Agenzia che fa la trascrizione IT-MiCISF
041 ## - Codice di lingua
Codice di lingua del testo/traccia sonora o titolo separato it
100 ## - Accesso principale -- nome di persona
Nome di persona Greer Germaine
9 (RLIN) 59573
245 #0 - Formulazione del titolo
Titolo La donna intera
260 ## - Pubblicazione, distribuzione, ecc. (stampa)
Luogo di pubblicazione, distribuzione, ecc. Milano,
Nome dell'editore, distributore, ecc. Mondadori,
Data di pubblicazione, distribuzione, ecc. 2000 [Edizione originale: 1999]
300 ## - Descrizione fisica
Estensione pp. 383
500 ## - Nota generale
Nota generale / donna, femminismo, corpo, disturbi-alimentazione, transessualità, maternità, procreazione-artificiale, aborto, lavoro-domestico, donna-lavoratrice, consumi, sessualità-femminile, matrimonio, rapporti-uomo-donna, abuso-sessuale, sessismo /
520 ## - Riassunto, ecc.
Nota di riassunto, ecc. A trent'anni dalla pubblicazione dell'Eunuco femmina, considerato un vero manifesto del movimento femminista, l'A. ritorna con un libro che ne è la continuazione. A dispetto della diffusa convinzione che la questione femminile sia stata risolta, il movimento di liberazione, nato negli anni Sessanta, deve ancora realizzare molti dei suoi obiettivi. L'apparente miglioramento della situazione femminile e la sensazione di "aver ottenuto tutto" hanno occultato la perdurante realtà di discriminazione e sfruttamento in ogni settore: dalla salute al sesso, dal lavoro all'economia. Con stile appassionato e anche umoristico vengono trattati temi come: chirurgia plastica e anoressia, transessualità e mutilazione genitale, inseminazione artificiale e shopping.
650 ## - Accesso aggiunto di soggetto--termine topico
Termine topico o nome geografico come accesso donna
Termine di ruolo 003
9 (RLIN) 56116
654 ## - Accesso aggiunto di soggetto--termini topici faccettati
Termine principale saggio
942 ## - Dati aggiuntivi (Koha)
Tipo copia default (Koha) LIBRO
Fonte della classificazione o dello schema di collocazione (segnatura) Dewey Decimal Classification
999 ## - Sys Number locale (Koha)
Koha Dewey Subclass [OBSOLETE] si
Dati di copia
Ritirato (status) Perso (status) Danneggiato (status) Non per il presito Biblioteca proprietaria Biblioteca in cui si trova Data d'acquisizione Totale prestiti Collocazione Data ultima operazione Prezzo in vigore dal Tipo copia default (Koha) Nota pubblica
    Buone Condizioni Not For Loan CISF - Milano CISF - Milano 14/10/2016   b4654-30375 14/10/2016 14/10/2016 LIBRO Data import 15.10.2016 / by Epidotti, Vaglietti
CREDITS: SOCIETA' SAN PAOLO Via A.Severo, 58 - ROMA (RM) & PERIODICI SAN PAOLO SRL Via Giotto, 36 MILANO & CISF Via Giotto, 36 MILANO & EDIZIONI SAN PAOLO SRL,  Piazza Soncino, 5 CINISELLO BALSAMO (MI) -- ITALY